000 00346nam a2200133Ia 4500
008 231129s9999||||xx |||||||||||||| ||spa||
020 _a84-254-1207-2
040 _bspa
082 _a364.36 G643b
100 _aGonzalez Gonzalez Eugenio
245 0 _aBandas juveniles
264 _aHerder
942 _2ddc
_cBKS
999 _c6030
_d6030